000 00640nam a2200253Ia 4500
005 20260121161043.0
008 008 260114s9999 xx 000 0 eng d
020 _a9780429189890
037 _aEBOOK
040 _aCRL
040 _beng
040 _cCRL
041 _2eng
041 _aeng
084 _qCRL
100 _a Waldemar Karwowski
_91039618
245 0 _aHandbook of Standards and Guidelines in Ergonomics and Human Factors
260 _bTaylor and Francis
260 _c2005
856 _uhttp://www.taylorfrancis.com/books/9780429189890
942 _cEBOOK
999 _c1606434
_d1606434